00422 2200169 4500245005400000020002200054250001100076100001800087700001500105650002200120005001900142260003000161041001400191084001100205300002700216336000900243 aRapuh Boleh, Menyerah JangancBinawan ArifshText a978-623-7191-20-9 aCet. 1 aBinawan Arifs aAny Alaine aPengembangan Diri a20241014094947 aJakartabMoka Mediac2023 aIndonesia a155.25 avi, 234 hlm. :c19 cm. atext